<?xml version="1.0" encoding="UTF-8"?>
<collection xmlns="http://www.loc.gov/MARC21/slim">
 <record>
  <leader>05059nam a2200361 a 4500</leader>
  <controlfield tag="001">kal5318</controlfield>
  <controlfield tag="003">Gr-AtHEAL</controlfield>
  <controlfield tag="005">20160506084821.0</controlfield>
  <controlfield tag="006">m        d        </controlfield>
  <controlfield tag="008">160413s2015    gr      s           gre|c</controlfield>
  <datafield tag="020" ind1=" " ind2=" ">
   <subfield code="a">9789606033889</subfield>
  </datafield>
  <datafield tag="040" ind1=" " ind2=" ">
   <subfield code="a">GR-AtHEAL</subfield>
   <subfield code="b">gre</subfield>
   <subfield code="c">GR-AtHEAL</subfield>
  </datafield>
  <datafield tag="082" ind1="0" ind2="4">
   <subfield code="a">624</subfield>
   <subfield code="2">23</subfield>
  </datafield>
  <datafield tag="100" ind1="1" ind2=" ">
   <subfield code="a">Γαντές, Χαράλαμπος.</subfield>
   <subfield code="8">2652</subfield>
  </datafield>
  <datafield tag="245" ind1="1" ind2="0">
   <subfield code="a">Μη γραμμική συμπεριφορά των κατασκευών</subfield>
   <subfield code="h">[Ηλεκτρονικός πόρος] </subfield>
   <subfield code="c">Γαντές, Χαράλαμπος ; Κριτικός αναγνώστης,Ιωαννίδης, Γεώργιος ; Τεχνική επιμέλεια,Βασιλοπούλου, Ισαβέλλα.</subfield>
  </datafield>
  <datafield tag="260" ind1=" " ind2=" ">
   <subfield code="a">Αθήνα :</subfield>
   <subfield code="b">Σύνδεσμος Ελληνικών Ακαδημαϊκών Βιβλιοθηκών,</subfield>
   <subfield code="c">c2015.</subfield>
  </datafield>
  <datafield tag="490" ind1=" " ind2=" ">
   <subfield code="a">Ακαδημαϊκά Ηλεκτρονικά Συγγράμματα και Βοηθήματα Κάλλιπος</subfield>
   <subfield code="8">40</subfield>
  </datafield>
  <datafield tag="505" ind1=" " ind2=" ">
   <subfield code="a">1. Βασικές έννοιες μη γραμμικής συμπεριφοράς2. Μη γραμμικότητα υλικού3. Μη γραμμικότητα γεωμετρίας4. Ενεργειακές μέθοδοι μελέτης ευστάθειας5. Δυναμικές μέθοδοι μελέτης ευστάθειας6. Μελέτη ευστάθειας πολυβαθμίων συστημάτων7. Αλληλεπίδραση μορφών λυγισμού8. Βασικές έννοιες επίλυσης μη γραμμικών προβλημάτων με τη μέθοδο πεπερασμένων στοιχείων9. Ανελαστική συμπεριφορά διατομών υπό αξονική δύναμη και καμπτικές ροπές10. Ελαστικός και ανελαστικός λυγισμός θλιβόμενων ράβδων11. Λυγισμός πλαισίων12. Εφαρμογές από την έρευνα13. Εφαρμογές από την πράξη</subfield>
  </datafield>
  <datafield tag="520" ind1=" " ind2=" ">
   <subfield code="a">Το βιβλίο πραγματεύεται προβλήματα μη γραμμικής συμπεριφοράς κατασκευών, και τις επιπτώσεις αυτής της συμπεριφοράς στις ενδεικνυόμενες μεθόδους στατικής ανάλυσης καθώς και στο σχεδιασμό αυτών των κατασκευών. Έμφαση δίνεται σε προβλήματα εύκαμπτων φορέων, όπου η κύρια μορφή μη γραμμικότητας είναι η γεωμετρική, δηλαδή η οφειλόμενη σε μεγάλες μετατοπίσεις. Γίνεται όμως αναφορά και σε προβλήματα μη γραμμικότητας υλικού, καθώς και στην αλληλεπίδραση των δύο αυτών τύπων μη γραμμικότητας. Κύρια εφαρμογή είναι οι διάφοροι τύποι λυγισμού, ελαστικού ή ανελαστικού, που κυρίως αφορούν μεταλλικές κατασκευές. Στο βιβλίο επιδιώκεται ισορροπία μεταξύ ανάπτυξης θεωρητικού υποβάθρου και εξάσκησης σε εφαρμοσμένες μεθόδους ανάλυσης και σχεδιασμού. Ακολουθείται αρχικά αναλυτική προσέγγιση για απλούς φορείς, με στόχο την ποιοτική κατανόηση των εννοιών και προβλημάτων, και στη συνέχεια αριθμητική προσέγγιση με τη μέθοδο πεπερασμένων στοιχείων για την αντιμετώπιση αυτών των προβλημάτων σε σύνθετους, πραγματικούς φορείς, τόσο από ερευνητικά προβλήματα όσο και από εφαρμογές της πράξης.</subfield>
  </datafield>
  <datafield tag="650" ind1=" " ind2="0">
   <subfield code="a">Structural dynamics</subfield>
   <subfield code="8">2686</subfield>
  </datafield>
  <datafield tag="653" ind1=" " ind2=" ">
   <subfield code="a">Σχεδιασμός με τη μέθοδο οριακής αντοχής</subfield>
  </datafield>
  <datafield tag="653" ind1=" " ind2=" ">
   <subfield code="a">Λυγισμός</subfield>
  </datafield>
  <datafield tag="653" ind1=" " ind2=" ">
   <subfield code="a">Μεταλλικές κατασκευές</subfield>
  </datafield>
  <datafield tag="653" ind1=" " ind2=" ">
   <subfield code="a">Αριθμητικές μέθοδοι</subfield>
  </datafield>
  <datafield tag="653" ind1=" " ind2=" ">
   <subfield code="a">Ανάλυση κατασκευών</subfield>
  </datafield>
  <datafield tag="653" ind1=" " ind2=" ">
   <subfield code="a">Μη γραμμικότητα υλικού και γεωμετρίας</subfield>
  </datafield>
  <datafield tag="653" ind1=" " ind2=" ">
   <subfield code="a">Τεχνολογία και επιστήμες μηχανικών</subfield>
   <subfield code="a">Τεχνολογία και μηχανική κατασκευών</subfield>
  </datafield>
  <datafield tag="700" ind1="1" ind2=" ">
   <subfield code="a">Ιωαννίδης, Γεώργιος</subfield>
   <subfield code="e">Κριτικός αναγνώστης</subfield>
   <subfield code="8">2653</subfield>
  </datafield>
  <datafield tag="856" ind1="4" ind2="0">
   <subfield code="u">http://hdl.handle.net/11419/5318</subfield>
   <subfield code="z">Πλήρες Κείμενο - Full text</subfield>
  </datafield>
  <datafield tag="907" ind1=" " ind2=" ">
   <subfield code="a">.b25678930</subfield>
   <subfield code="b">12-06-18</subfield>
   <subfield code="c">29-07-16</subfield>
  </datafield>
  <datafield tag="949" ind1=" " ind2=" ">
   <subfield code="0">0</subfield>
   <subfield code="1">0</subfield>
   <subfield code="2">ddc</subfield>
   <subfield code="4">0</subfield>
   <subfield code="6">624_000000000000000_ΓΑΝ</subfield>
   <subfield code="7">0</subfield>
   <subfield code="8">KALL</subfield>
   <subfield code="8">652</subfield>
   <subfield code="d">2016-04-13</subfield>
   <subfield code="r">2016-04-13</subfield>
   <subfield code="w">2016-04-13</subfield>
   <subfield code="z">624 ΓΑΝ</subfield>
   <subfield code="o">SEAB KALLIPOS</subfield>
  </datafield>
  <datafield tag="998" ind1=" " ind2=" ">
   <subfield code="a">80</subfield>
   <subfield code="a">01</subfield>
   <subfield code="a">02</subfield>
   <subfield code="a">03</subfield>
   <subfield code="a">04</subfield>
   <subfield code="a">05</subfield>
   <subfield code="a">06</subfield>
   <subfield code="a">07</subfield>
   <subfield code="a">08</subfield>
   <subfield code="a">09</subfield>
   <subfield code="a">10</subfield>
   <subfield code="a">11</subfield>
   <subfield code="a">12</subfield>
   <subfield code="a">13</subfield>
   <subfield code="a">14</subfield>
   <subfield code="a">15</subfield>
   <subfield code="a">16</subfield>
   <subfield code="a">17</subfield>
   <subfield code="a">18</subfield>
   <subfield code="a">19</subfield>
   <subfield code="a">20</subfield>
   <subfield code="a">21</subfield>
   <subfield code="a">22</subfield>
   <subfield code="a">23</subfield>
   <subfield code="a">24</subfield>
   <subfield code="a">25</subfield>
   <subfield code="a">26</subfield>
   <subfield code="b">10-05-17</subfield>
   <subfield code="c">m</subfield>
   <subfield code="d">z  </subfield>
   <subfield code="e">-</subfield>
   <subfield code="f">gre</subfield>
   <subfield code="g">gr </subfield>
   <subfield code="h">0</subfield>
  </datafield>
  <datafield tag="942" ind1=" " ind2=" ">
   <subfield code="2">ddc</subfield>
   <subfield code="c">KALLIPOS</subfield>
  </datafield>
 </record>
</collection>
